00386nam a22001337a 450000500170000000800410001702000290005804000140008708200120010124500250011326000460013830000550018452100130023920220928121417.0220916b sa ||||| |||| 00| 0 eng d a9780796086464qPaperback aOCLCcRDA aZUL KF  aIzingulube Ezintathu aPietermartzburg:bShuter &Shooter,c2019. a[unnumbered Pages]bIllustration, Coloured,c17 cm aChildren